NFL Street 2 QBs - Statistics

General Stats
  • This quiz has been taken 7 times
    5 since last reset
  • The average score is 21 of 38
Answer Stats
Hint Answer % Correct
PIT Ben Roethlisberger
100%
GB Brett Favre
100%
HOU David Carr
100%
PHI Donovan McNabb
100%
SD Drew Brees
100%
NYG Eli Manning
100%
ATL Mike Vick
100%
IND Peyton Manning
100%
TEN Steve McNair
100%
NE Tom Brady
100%
CIN Carson Palmer
75%
NYG Kurt Warner
75%
OAK Rich Gannon
75%
PIT Tommy Maddox
75%
TB Brad Johnson
50%
MIN Dante Culpepper
50%
BUF Drew Bledsoe
50%
CAR Jake Delhomme
50%
CLE Jeff Garcia
50%
STL Marc Bulger
50%
SEA Matt Hasselbeck
50%
KC Trent Green
50%
NO Aaron Brooks
25%
JAX Byron Leftwich
25%
NYJ Chad Pennington
25%
DEN Jake Plummer
25%
MIA Jay Fiedler
25%
DET Joey Harrington
25%
ARI Josh McCown
25%
OAK Kerry Collins
25%
BAL Kyle Boller
25%
WAS Mark Brunell
25%
WAS Patrick Ramsey
25%
Legends Randall Cunningham
25%
CHI Rex Grossman
25%
SF Tim Rattay
25%
DAL Vinny Testaverde
25%
Team Xzibit Xzibit
25%
No matching quizzes found
Score Distribution
Percent of People with Each Score
Percentile by Number Answered
Your Score History
You have not taken this quiz since the last reset